Every NBA Team's 10-Man Rotation - Statistics

General Stats
  • This quiz has been taken 149 times
  • The average score is 154 of 300
Answer Stats
Team P Player # % Correct
HAWKS PG Trae Young 11
96%
SG Dejounte Murray 5
89%
NUGGETS PG Jamal Murray 27
89%
PF Keegan Murray 13
89%
PF Thaddeus Young 21
89%
C Clint Capela 15
85%
PF Jayson Tatum 0
82%
PF Draymond Green 23
80%
SG Jalen Green 4
80%
C JaMychal Green 1
80%
PF Jeff Green 32
80%
SF Josh Green 8
80%
PF Patrick Williams 44
80%
SG Bruce Brown Jr. 11
79%
SF Cameron Johnson 2
79%
PF Grant Williams 12
79%
SF Jaylen Brown 7
79%
C Jaylin Williams 6
79%
SF Keldon Johnson 3
79%
C Mark Williams 5
79%
C Robert Williams III 44
79%
PF Troy Brown Jr. 7
79%
C Al Horford 42
78%
PF Jalen Williams 8
78%
C | PF Kenrich Williams 34
78%
HORNETS PG LaMelo Ball 1
78%
SG Seth Curry 30
77%
WARRIORS PG Stephen Curry 30
77%
PG Davion Mitchell 15
76%
SF De'Andre Hunter 12
76%
SG Donovan Mitchell 45
76%
PF Jaren Jackson Jr. 13
76%
BUCKS PG Jrue Holiday 21
76%
SG Derrick White 9
75%
SG Grayson Allen 12
75%
C Jalen Duren 0
75%
C Jarrett Allen 31
75%
SF Justin Holiday 0
75%
SG Klay Thompson 11
75%
MAVERICKS PG Kyrie Irving 2
75%
CELTICS PG Marcus Smart 36
75%
C Nikola Jokić 15
75%
PG Reggie Jackson 7
75%
PG Aaron Holiday 3
74%
SG Coby White 0
74%
PF DeMar DeRozan 11
74%
SG Mikal Bridges 1
74%
PF Aaron Gordon 50
73%
SG Eric Gordon 10
73%
SF Jimmy Butler 22
73%
PF John Collins 20
73%
SG Luka Dončić 77
73%
SF Michael Porter Jr. 1
73%
PF Tobias Harris 12
73%
C Zach Collins 23
73%
SG Gary Harris 14
72%
PF Giannis Antetokounmpo 34
72%
SF Joe Harris 12
72%
ROCKETS PG Kevin Porter Jr. 3
72%
C Nikola Vučević 9
72%
SF Zach LaVine 8
72%
SG Anfernee Simons 1
71%
C Anthony Davis 3
71%
SG Anthony Edwards 1
71%
C Bam Adebayo 13
71%
PG Ben Simmons 10
71%
SG Bogdan Bogdanović 13
71%
SF Bojan Bogdanović 44
71%
PF Dorian Finney-Smith 28
71%
SF LeBron James 6
71%
C Rudy Gobert 27
71%
SF Terence Davis II 3
71%
SG Terry Rozier III 3
71%
PF Zion Williamson 1
71%
SF Aaron Wiggins 21
70%
SF Andrew Wiggins 22
70%
CAVALIERS PG Darius Garland 10
70%
PF Evan Mobley 4
70%
THUNDER PG Shai Gilgeous-Alexander 2
70%
SG Tyler Herro 14
70%
C Damian Jones 15
68%
SF Derrick Jones Jr. 5
68%
SF Gordon Hayward 20
68%
SF Herbert Jones 5
68%
C Nic Claxton 33
68%
SPURS PG Tre Jones 33
68%
PG Tyus Jones 21
68%
PF Jabari Smith Jr. 1
67%
SG James Harden 1
67%
GRIZZLIES PG Ja Morant 12
67%
C Joel Embiid 21
67%
PG Dennis Smith Jr. 8
66%
C Jalen Smith 25
66%
SG Kentavious Caldwell-Pope 5
66%
C Kevon Looney 5
66%
PG Kyle Lowry 7
66%
CLIPPERS PG Russell Westbrook 0
66%
NETS PG Spencer Dinwiddie 26
66%
C Brook Lopez 11
65%
C Jonas Valančiūnas 17
65%
SF Kawhi Leonard 2
65%
SG Alex Caruso 6
64%
SUNS PG Chris Paul 3
64%
PELICANS PG CJ McCollum 3
64%
LAKERS PG D'Angelo Russell 1
64%
KNICKS PG Jalen Brunson 11
64%
PG Jordan Poole 3
64%
C Mitchell Robinson 23
64%
SG Brandon Ingram 14
63%
BLAZERS PG Damian Lillard 0
63%
C Deandre Ayton 22
63%
SG Devin Booker 1
63%
SG Paul George 13
63%
PACERS PG Tyrese Haliburton 0
63%
SF Khris Middleton 22
62%
T-WOLVES PG Mike Conley Jr. 10
62%
PF Saddiq Bey 41
62%
PF Caleb Martin 16
61%
PG Cole Anthony 50
61%
SF Kenyon Martin Jr. 6
61%
C Myles Turner 33
61%
SF Nickeil Alexander-Walker 9
61%
PF P.J. Washington 25
61%
PG Tyrese Maxey 0
61%
SG Desmond Bane 22
60%
PF Julius Randle 30
60%
PF Kevin Love 42
60%
PG Malcolm Brogdon 13
60%
C Ivica Zubac 40
59%
BULLS PG Patrick Beverley 21
59%
SF Buddy Hield 24
58%
C Dwight Powell 7
58%
PG Jevon Carter 5
58%
PF Marcus Morris Sr. 8
58%
SF Max Strus 31
58%
WIZARDS PG Monté Morris 22
58%
SF Norman Powell 24
58%
SF RJ Barrett 9
58%
C Wendell Carter Jr. 34
58%
C Alperen Šengün 28
57%
PF Isaiah Stewart 28
57%
PF Paolo Banchero 5
57%
SG Caris LeVert 3
55%
KINGS PG De'Aaron Fox 5
55%
SF Dillon Brooks 24
55%
C Domantas Sabonis 10
55%
SF Franz Wagner 22
55%
HEAT PG Gabe Vincent 2
55%
SG Josh Giddey 3
55%
C Moritz Wagner 21
55%
C Steven Adams 4
55%
SG Tim Hardaway Jr. 11
55%
SF Harrison Barnes 40
54%
PF Jerami Grant 9
54%
SG Josh Hart 3
54%
MAGIC PG Markelle Fultz 20
54%
SF Scottie Barnes 4
54%
SG Talen Horton-Tucker 0
54%
SG Austin Reaves 15
53%
SF Isaac Okoro 35
53%
SG Jaden Ivey 23
53%
PF Jarred Vanderbilt 2
53%
SG Payton Pritchard 11
53%
C Andre Drummond 3
52%
PISTONS PG Killian Hayes 7
52%
PF Kristaps Porziņģis 6
52%
SF Luguentz Dort 5
52%
SG Donte DiVincenzo 0
51%
PF Jonathan Kuminga 00
51%
C Jusuf Nurkić 27
51%
SF P.J. Tucker 17
51%
C Brandon Clarke 15
50%
SG Kevin Huerter 9
50%
C Mason Plumlee 44
50%
PG Ayo Dosunmu 12
49%
SG Bradley Beal 3
49%
SF Lonnie Walker IV 4
49%
SF AJ Griffin 14
48%
PG Dennis Schröder 17
48%
SG Jalen Suggs 4
48%
PF Pascal Siakam 43
47%
C Rui Hachimura 28
47%
SF Christian Braun 0
46%
SF Jaden McDaniels 3
46%
SF Jalen McDaniels 7
46%
PG Ricky Rubio 13
46%
C Bobby Portis Jr. 9
45%
C Christian Wood 35
45%
JAZZ PG Collin Sexton 2
45%
SF Lauri Markkanen 23
45%
C Onyeka Okongwu 17
45%
SG Bennedit Mathurin 00
43%
RAPTORS PG Fred VanVleet 23
43%
SG Malik Beasley 5
43%
PF Maxi Kleber 42
43%
SG Quentin Grimes 6
43%
PG Terance Mann 14
43%
PG Tre Mann 23
43%
PG Cameron Payne 15
42%
SF Cedi Osman 16
42%
PG Immanuel Quickley 5
42%
C Isaiah Hartenstein 55
41%
SF Josh Okogie 2
41%
SG Malik Monk 0
41%
C Naz Reid 11
41%
PG Shaedon Sharpe 17
41%
C Cody Zeller 44
40%
SF Kyle Kuzma 33
40%
SF Pat Connaughton 24
40%
PF Nicolas Batum 33
39%
SF Sam Hauser 30
39%
SG Victor Oladipo 4
39%
76ERS PG De'Anthony Melton 8
38%
SG Jordan Clarkson 00
38%
PG José Alvarado 15
38%
SG Wesley Matthews 23
38%
SF Kelly Oubre Jr. 12
37%
PF Kyle Anderson 5
37%
C Nick Richards 4
37%
PF Royce O'Neale 00
37%
PF Torrey Craig 0
37%
C Daniel Gafford 21
36%
SG Devin Vassell 24
36%
C James Wiseman 13
36%
PF Reggie Bullock 25
36%
SF Trey Murphy III 25
35%
C Jakob Poeltl 19
34%
SG OG Anunoby 3
34%
C Walker Kessler 24
34%
PF Aaron Nesmith 23
33%
PG Jaden Hardy 3
33%
SF Jae'Sean Tate 8
33%
SF Obi Toppin 1
33%
PG T.J. McConnell 9
33%
SG Andrew Nembhard 2
32%
C Dean Wade 32
32%
SG Gary Trent Jr. 33
32%
PF Jeremy Sochan 10
32%
SF Matisse Thybulle 4
32%
SG Shake Milton 18
32%
SF Anthony Lamb 40
29%
C Larry Nance Jr. 22
29%
PF Taurean Prince 12
29%
PF Joe Ingles 7
28%
SG Luke Kennard 10
28%
SG Isaiah Joe 11
27%
SF John Konchar 46
27%
C Yuta Watanabe 18
27%
PF Bol Bol 10
26%
PF Santi Aldama 7
26%
PF Georges Niang 20
25%
PF Deni Avdija 9
24%
PF Kelly Olynyk 41
24%
PF Trey Lyles 41
24%
C Montrezl Harrell 5
23%
PF Naji Marshall 8
23%
PF Tari Eason 17
23%
SF Chris Boucher 25
22%
SG Damion Lee 10
22%
PF Jericho Sims 45
22%
PF Lamar Stevens 8
22%
SG Alec Burks 5
21%
SF Cameron Reddish 5
21%
SF Doug McDermott 17
21%
C Jock Landale 11
21%
SF Terrence Ross 8
21%
C Precious Achiuwa 5
20%
C Vlatko Čančar 31
20%
PG Devonte' Graham 4
18%
SG Josh Christopher 9
18%
PF JT Thor 21
18%
SG Nassir Little 10
18%
PG Austin Rivers 25
17%
PG Delon Wright 55
17%
C Drew Eubanks 24
17%
SF Corey Kispert 24
16%
PF Isaiah Livers 12
16%
SG Jaylen Nowell 4
16%
SG Josh Richardson 2
16%
C Usman Garuba 16
16%
PG Kris Dunn 11
15%
SF Oshae Brissett 12
15%
PG Will Barton 1
14%
PF Jordan Nwora 13
13%
SF Eugene Omoruyi 97
11%
SG Malaki Branham 22
11%
PG Daishen Nix 15
10%
SF Caleb Houstan 2
9%
PF Keita Bates-Diop 31
9%
SF Ochai Agbaji 30
9%
C Anthony Gill 16
8%
SG Sviatoslav Mykhailiuk 10
8%
C Chimezie Metu 7
7%
PF Ish Wainright 12
7%
PF Rudy Gay 22
7%
C Sandro Mamukelashvili 54
5%
PF Trendon Watford 2
5%
PG R.J. Hampton 14
4%
SG Jordan Goodwin 7
3%
No matching quizzes found
Score Distribution
Percent of People with Each Score
Percentile by Number Answered
Your Score History
You have not taken this quiz